Implementácia personálneho controllingu ako nástroja riadenia ľudských zdrojov v sieti maloobchodných predajní

Vymedzenie pojmu personálny controlling a jeho nástrojov. Personálny controlling a jeho úlohy. Nástroje personálneho controllingu a reporting. Implementácia personálneho controllingu v sieti maloobchodných predajní. Postup implementácie. Kritické faktory úspešnej implementácie personálneho controlli...

Description complète

Enregistré dans:
Détails bibliographiques
Auteur principal: Olexová, Cecília, 1976-
Format: Chapitre de livre
Langue:slovaque
Sujets:
Tags: Ajouter un tag
Pas de tags, Soyez le premier à ajouter un tag!

MARC

LEADER 00000naa a2200000 4500
001 0134877
005 20240605064051.0
041 0 |a slo 
044 |a SK 
245 1 0 |a Implementácia personálneho controllingu ako nástroja riadenia ľudských zdrojov v sieti maloobchodných predajní  |c Cecília Olexová 
520 |a Vymedzenie pojmu personálny controlling a jeho nástrojov. Personálny controlling a jeho úlohy. Nástroje personálneho controllingu a reporting. Implementácia personálneho controllingu v sieti maloobchodných predajní. Postup implementácie. Kritické faktory úspešnej implementácie personálneho controllingu. 
610 2 0 |a kontroling 
610 2 0 |a riadenie personálne 
610 2 0 |a riadenie ľudských zdrojov 
610 2 0 |a predajne 
610 2 0 |a maloobchod 
100 1 |a Olexová, Cecília, 1976-